Podpora automobilového priemyslu v období krízy

Európsky automobilový priemysel pred krízou. Automobilový priemysel Slovenskej republiky pred krízou. Porovnanie údajov z roku 2000 a 2008. Dopady krízy na automobilový priemysel. Princípy podpory automobilového priemyslu. Stimuly pre automobilový priemysel - tzv. šrotovné.

Enregistré dans:
Détails bibliographiques
Auteur principal: Ferencz, Vojtech
Format: Chapitre de livre
Langue:slovaque
Sujets:
Tags: Ajouter un tag
Pas de tags, Soyez le premier à ajouter un tag!

MARC

LEADER 00000nla$a2200000$$$4500
001 0114571
005 20240502072258.1
041 0 |a slo 
044 |a SK 
245 1 0 |a Podpora automobilového priemyslu v období krízy  |c Vojtech Ferencz 
520 |a Európsky automobilový priemysel pred krízou. Automobilový priemysel Slovenskej republiky pred krízou. Porovnanie údajov z roku 2000 a 2008. Dopady krízy na automobilový priemysel. Princípy podpory automobilového priemyslu. Stimuly pre automobilový priemysel - tzv. šrotovné. 
610 2 0 |a priemysel automobilový 
610 2 0 |a kríza hospodárska 
610 2 0 |a kríza finančná 
610 2 0 |a stimuly 
610 2 0 |a Slovensko 
610 2 0 |a Európska únia 
100 1 |a Ferencz, Vojtech